书目信息 |
| 题名: |
信息系统理论与实践
|
|
| 作者: | 严怡民 主编 | |
| 分册: | ||
| 出版信息: | 武汉 武汉大学出版社 1999.10 |
|
| 页数: | 366页 | |
| 开本: | 20cm | |
| 丛书名: | ||
| 单 册: | ||
| 中图分类: | G202 | |
| 科图分类: | ||
| 主题词: | 信息论 , 传播学 | |
| 电子资源: | ||
| ISBN: | 7-307-02765-8 | |
| 000 | 00575nam0 2200205 45 | |
| 001 | 0258504431 | |
| 005 | 2002040916150443 | |
| 010 | @a7-307-02765-8@dRMB 13.00 | |
| 100 | @a20020409d1999 km y0chiy0120 ea | |
| 101 | 0 | @achi |
| 102 | @aCN@b420000 | |
| 200 | 1 | @a信息系统理论与实践@Axin xi xi tong li lun yu shi jian@f严怡民主编@Fyan yi min zhu bian |
| 210 | @a武汉@c武汉大学出版社@d1999.10 | |
| 215 | @a366页@d20cm | |
| 606 | 0 | @a信息论 |
| 606 | 0 | @a传播学 |
| 690 | @aG202@v3 | |
| 701 | 0 | @a严怡民@Ayan yi min@4主编 |
| 801 | 0 | @aCN@bPFT@c20020409 |
| 905 | @a10447@dG202@eY072 | |
| 信息系统理论与实践/严怡民主编.-武汉:武汉大学出版社,1999.10 |
| 366页;20cm |
| ISBN 7-307-02765-8:RMB 13.00 |
| ● |
| 相关链接 |
|
|
|
正题名:信息系统理论与实践
索取号:G202/Y072
 
预约/预借
| 序号 | 登录号 | 条形码 | 馆藏地/架位号 | 状态 | 备注 |
| 1 | 358616 | 203586164 | 社科库409/ [索取号:G202/Y072] | 在馆 | |
| 2 | 358617 | 203586173 | 社科库409/ [索取号:G202/Y072] | 在馆 |